000 00572nam a22001817a 4500
005 20251108164031.0
008 250721s1997 xx 000 0 ara d
082 1 4 _a211.2/أشق
100 1 _aالأشقر، عمر سليمان
245 1 0 _aالواضح في شرح قانون الأحوال الشخصية الأردني /
264 1 _aعمان :
_bدار النفائس،
_c1997.
300 _a336ص.
650 1 7 _aقانون الأحوال الشخصية
650 1 7 _aالقانون المدني
650 1 7 _aالأردن
942 _2ddc
_cBK
999 _c1935
_d1935